| 000 | 00622nam a2200181 a 4500 | ||
|---|---|---|---|
| 008 | 071119s2002 ||||||||||||||||| || u | ||
| 020 | _a0750654619 | ||
| 050 | _aTJ 213 Bol | ||
| 100 | _aBolton, William, 1933 | ||
| 245 | 1 | 0 |
_aControl systems _cWilliam Bolton, 1933- |
| 260 |
_aOxford _bElsevier _c2002 |
||
| 300 | _aix, 181p.: ill. | ||
| 350 | _a0.00 | ||
| 650 | _aCONTROL ENGINEERING, SYSTEMS | ||
| 650 | _aENGINEERING | ||
| 650 | 0 | _aAUTOMATIC CONTROL | |
| 995 |
_D0.00 _FCBU-MAIN LIBRARY (Kitwe) _H1 _I0.00 _M1 _UAVAILABLE _WNov 19, 2007 _ZMain Library Open Access Collection |
||
| 999 |
_c38726 _d38726 |
||